Normal view
MARC view
Entry Término temático
001 - NÚMERO DE CONTROL
- campo de control: 145083
003 - IDENTIFICADOR DEL NÚMERO DE CONTROL
- campo de control: OSt
005 - FECHA Y HORA DE LA ÚLTIMA TRANSACCIÓN
- campo de control: 20220127160125.0
008 - DATOS DE LONGITUD FIJA
- campo de control de longitud fija: 220127|| aca||aabn | a|a d
040 ## - FUENTE DE LA CATALOGACIÓN
- Centro catalogador/agencia de origen: OSt
- Centro/agencia transcriptor: OSt
150 ## - ENCABEZAMIENTO--TÉRMINO DE MATERIA
- Término de materia o nombre geográfico como elemento de entrada: Raza holstein
- Subdivisión general: friesian
670 ## - FUENTE DE DATOS ENCONTRADOS
- Cita de la fuente: Work cat.: (OSt)169799: Villarreal Villarreal, Abel Jesús. 119660, Efecto de Saccharomyces cerevisiae + Sangrovit en la condición corporal y transtornos metabólicos durante el reto e inicio de lactancia de vacas holstein - friesian /, 2010
